| 000 | 00464cam a2200193ua 4500 | ||
|---|---|---|---|
| 020 | _c5.00 | ||
| 041 |
_aeng _h |
||
| 082 |
_a547 _bDEY/LA |
||
| 100 | _aDey, B B . | ||
| 245 |
_aLaboratory manual for organic chemistry / _cB B Dey. _hTextual Documents |
||
| 250 |
_a4 / _b. |
||
| 260 |
_aChennai : _bS.Viswanathan , _c1959. |
||
| 300 | _a297 ; . | ||
| 365 | _a5.00 | ||
| 504 | _a | ||
| 700 | 1 | _aSitaraman, M V . | |
| 942 | _cBK | ||
| 999 |
_c7539 _d7539 |
||